00520 2200193 4500001002100000008004100021035002000062245005300082100002000135250001000155260003200165300003100197020002200228084001800250082001100268650002300279990001200302990001200314INLIS000000000015326 ind  a0010-1222000405 aGaul Ala RasulcFajar Istiqlal; penyunting, Koeh aFAJAR, Istiqlal acet.3 aDepok :bKaysa Media,c2019 aiv, 101 hal.: ilus.c23 cm a978-602-215-004-6 a297.911 FAJ g a297911 aISLAM. KOMIK ISLAM a10027 a a10027 b